000 00627nam a22002297a 4500
005 20260513122007.0
008 260513b |||||||| |||| 00| 0 eng d
020 _a9788177589573
_c1720.00
040 _aMAIN
041 _aEnglish
082 _a547.0028
_bFUR
100 _aFurniss,Brian S.
_913308
245 _aVogel's Textbook of Practical Organic Chemistry
250 _a5th
260 _aNoida
_bPearson
_c2025
300 _a1514
650 _aChemistry (PM USHA)
_926803
700 _aHannaford, Antony J.
_926805
700 _a Smith, Peter W. G.
_926806
700 _aTatchell, Austin R.
_926807
942 _cBK
999 _c60779
_d60779